Giáo trình kinh tế môi trường

Giáo trình được trình bày trong bảy chương, gồm những vấn đề sinh thái học trong bảo vệ môi trường và phát triển bền vững, ô nhiễm môi trường, những vấn đề kinh tế trong khai thác, sử dụng tài nguyên thiên nhiên và môi trường, môi trưo...

Celý popis

Uloženo v:
Podrobná bibliografie
Hlavní autor: Bùi,Văn Quyết
Médium: Kniha
Jazyk:Undetermined
Vydáno: Hà Nội Tài chính 2000
Témata:
Tagy: Přidat tag
Žádné tagy, Buďte první, kdo otaguje tento záznam!
Thư viện lưu trữ: Trung tâm Học liệu Trường Đại học Cần Thơ
LEADER 01030nam a2200205Ia 4500
001 CTU_110408
008 210402s9999 xx 000 0 und d
020 |c 28000 
082 |a 333.7 
082 |b Qu605 
100 |a Bùi,Văn Quyết 
245 0 |a Giáo trình kinh tế môi trường 
245 0 |c Bùi Văn Quyết 
260 |a Hà Nội 
260 |b Tài chính 
260 |c 2000 
520 |a Giáo trình được trình bày trong bảy chương, gồm những vấn đề sinh thái học trong bảo vệ môi trường và phát triển bền vững, ô nhiễm môi trường, những vấn đề kinh tế trong khai thác, sử dụng tài nguyên thiên nhiên và môi trường, môi trường và phát triển, đánh giá tác động, bảo vệ và quản lý môi trường. 
650 |a Environmental economics 
904 |i Tuyến 
980 |a Trung tâm Học liệu Trường Đại học Cần Thơ